000 00571nam a2200229Ia 4500
003 OSt
005 20221005123426.0
006 a|||||r|||| 00| 0
007 ta
008 221004b |||||||| |||| 00| 0 tam d
024 _a52370
037 _cTextual
040 _aCRL
_cCRL
_btam
041 _2tam
_atam
082 _aV58,1wM70, 31J6
100 _aKurup sakaya
_9633651
245 0 _aLenin varzhkkai kurippugal
260 _c1956
650 _aHISTORY
942 _hV58,1wM70, 31J6
_cTEXL
_2cc
999 _c1047373
_d1047373